Transhumance : papers from the International Association of Landscape Archaeology Conference, Newcastle upon Tyne, 2018 /
A collection of papers, mostly arising from the Newcastle and Durham conference of the International Association of Landscape Archaeology (2018), explore the practice, impact and archaeology of British and European transhumance, the seasonal grazing of marginal lands by domesticated livestock, usual...
مؤلف مشترك:
مؤلفون آخرون: ,
التنسيق: وقائع المؤتمر كتاب الكتروني
اللغة: English
منشور في:
Oxford :
Archaeopress Publishing Ltd,
2021.
سلاسل:
Access archaeology.
الموضوعات:
الوصول للمادة أونلاين: Login to view Source
الوسوم: إضافة وسم
رقم الطلب: CC77.L35
| LEADER | 02422nam a2200493 i 4500 | ||
|---|---|---|---|
| 001 | EDZ0002649515 | ||
| 003 | StDuBDS | ||
| 005 | 20230412183228.0 | ||
| 006 | m|||||o||d|||||||| | ||
| 007 | cr ||||||||||| | ||
| 008 | 211116s2021 enkab fob 100|0|eng|d | ||
| 020 | |a 9781803271293 (PDF ebook) : |c No price | ||
| 040 | |a StDuBDS |b eng |c StDuBDS |e rda |e pn | ||
| 050 | 4 | |a CC77.L35 | |
| 082 | 0 | 4 | |a 930.1 |2 23 |
| 111 | 2 | |a International Association of Landscape Archaeology Conference |d (2018 : |c Newcastle upon Tyne), |j creator. | |
| 245 | 1 | 0 | |a Transhumance : |b papers from the International Association of Landscape Archaeology Conference, Newcastle upon Tyne, 2018 / |c edited by Mark Bowden and Pete Herring. |
| 264 | 1 | |a Oxford : |b Archaeopress Publishing Ltd, |c 2021. | |
| 300 | |a 1 online resource (x, 128 pages) : |b illustrations (black and white, and colour), maps (black and white, and colour). | ||
| 336 | |a text |2 rdacontent | ||
| 336 | |a still image |2 rdacontent | ||
| 336 | |a cartographic image |2 rdacontent | ||
| 337 | |a computer |2 rdamedia | ||
| 338 | |a online resource |2 rdacarrier | ||
| 490 | 1 | |a Access archaeology | |
| 500 | |a Also issued in print: 2021. | ||
| 500 | |a "Available in both print and Open Access"--Homepage. | ||
| 500 | |a Conference proceedings. | ||
| 504 | |a Includes bibliographical references. | ||
| 506 | 0 | |a Open access. | |
| 520 | 8 | |a A collection of papers, mostly arising from the Newcastle and Durham conference of the International Association of Landscape Archaeology (2018), explore the practice, impact and archaeology of British and European transhumance, the seasonal grazing of marginal lands by domesticated livestock, usually accompanied by people, often young women. | |
| 521 | |a Specialized. | ||
| 588 | |a Description based on online resource; title from PDF title page (viewed on December 1, 2021). | ||
| 650 | 0 | |a Landscape archaeology |v Congresses. | |
| 650 | 0 | |a Transhumance |z Europe |v Congresses. | |
| 650 | 0 | |a Transhumance |z Great Britain |v Congresses. | |
| 700 | 1 | |a Bowden, Mark, |e editor. | |
| 700 | 1 | |a Herring, Pete, |e editor. | |
| 776 | 0 | 8 | |i Print version : |z 9781803271286 |
| 830 | 0 | |a Access archaeology. | |
| 856 | 4 | 0 | |3 Archaeopress |u http://library.arce.org:8087/Archaeopress/Products/9781803271286 |
| 942 | |2 lcc |c EBOOK | ||
| 952 | |0 0 |1 0 |4 0 |6 CC0077 L35 |7 1 |9 46898 |a ARCH |b ARCH |d 2023-04-12 |l 0 |o CC77.L35 |r 2023-04-12 00:00:00 |w 2023-04-12 |y EBOOK | ||
| 999 | |c 52556 |d 52556 | ||
